|
|
|
|
| LEADER |
01015nam a2200337 4500 |
| 001 |
DLU090098823 |
| 005 |
##20091201 |
| 040 |
# |
# |
|a DLU
|b eng
|
| 041 |
# |
# |
|a eng
|
| 044 |
# |
# |
|a us
|
| 245 |
# |
# |
|a Compensation on impedance of the stratum corneum /
|c Hyung-ro Yoon ... [et al.].
|
| 653 |
# |
# |
|a Array electrode
|
| 653 |
# |
# |
|a Compensation of the skin moisture
|
| 653 |
# |
# |
|a Moisture of the stratum corneum
|
| 653 |
# |
# |
|a Skin impedance
|
| 653 |
# |
# |
|a SR parameter
|
| 700 |
# |
# |
|a Choi, Han-yoon.
|
| 700 |
# |
# |
|a Jeong, In-cheol.
|
| 700 |
# |
# |
|a Kim, Ki-won.
|
| 700 |
# |
# |
|a Sim, Myeong-heon.
|
| 700 |
# |
# |
|a Yoon, Hyung-ro.
|
| 773 |
# |
# |
|t Journal of Electrical Engineering & Technology
|g Vol. 3, no. 3 (September 2008), p. 444-449
|
| 920 |
# |
# |
|a Phòng Tạp chí -- Trung tâm Thông tin - Thư viện Trường Đại học Đà Lạt
|
| 994 |
# |
# |
|a DLU
|
| 900 |
# |
# |
|a True
|
| 911 |
# |
# |
|a Trương Bảo Trâm Anh
|
| 925 |
# |
# |
|a G
|
| 926 |
# |
# |
|a A
|
| 927 |
# |
# |
|a BB
|
| 980 |
# |
# |
|a Thư viện Trường Đại học Đà Lạt
|